书目信息 |
| 题名: |
诗经·楚辞
|
|
| 作者: | 龚祖培 , 刘延旭 , 龚遂 编注 | |
| 分册: | ||
| 出版信息: | 成都 四川文艺出版社 2019.06 |
|
| 页数: | 452页 | |
| 开本: | 21cm | |
| 丛书名: | 爱读·国学经典 | |
| 单 册: | ||
| 中图分类: | I222.2 , I222.3 | |
| 科图分类: | ||
| 主题词: | 楚辞--chu ci--译文 , 古体诗--gu ti shi--诗集--中国--春秋时代 , 古典诗歌--gu dian shi ge--诗集--中国--战国时代 | |
| 电子资源: | ||
| ISBN: | 978-7-5411-5403-4 | |
| 000 | 01229nam 2200349 450 | |
| 001 | CAL 0120192785256 | |
| 005 | 20230303104051.12 | |
| 010 | @a978-7-5411-5403-4@dCNY42.00 | |
| 100 | @a20190711d2019 em y0chiy0120 ea | |
| 101 | 0 | @achi |
| 102 | @aCN@b510000 | |
| 105 | @ay z 001gy | |
| 106 | @ar | |
| 200 | 1 | @a诗经·楚辞@Ashi jing · chu ci@f龚祖培, 刘延旭, 龚遂编注 |
| 205 | @a第2版 | |
| 210 | @a成都@c四川文艺出版社@d2019.06 | |
| 215 | @a452页@d21cm | |
| 225 | 2 | @a爱读·国学经典@Aai du · guo xue jing dian |
| 320 | @a有索引 | |
| 330 | @a本书《诗经·楚辞》是《诗经》和《楚辞》的合集, 收录了《诗经》和《楚辞》的精华篇目数百篇。为了全方位、多层次地展示《诗经》和《楚辞》这两部巨著。本书用通俗易懂的语言深入浅出地对每篇作品进行了全解、详注。 | |
| 410 | 0 | @12001 @a爱读·国学经典 |
| 605 | @a诗经@Ashi jing@x译文 | |
| 606 | 0 | @a楚辞@Achu ci@x译文 |
| 606 | 0 | @a古体诗@Agu ti shi@x诗集@y中国@z春秋时代 |
| 606 | 0 | @a古典诗歌@Agu dian shi ge@x诗集@y中国@z战国时代 |
| 690 | @aI222.2@v5 | |
| 690 | @aI222.3@v5 | |
| 701 | 0 | @a龚祖培@Agong zu pei@4编注 |
| 701 | 0 | @a刘延旭@Aliu yan xu@4编注 |
| 701 | 0 | @a龚遂@Agong sui@4编注 |
| 801 | 0 | @aCN@bBJXHZP@c20230228 |
| 905 | @b1384237-40@dI222.2@e883=2@f4 | |
| 诗经·楚辞/龚祖培, 刘延旭, 龚遂编注.-第2版.-成都:四川文艺出版社,2019.06 |
| 452页;21cm.-(爱读·国学经典) |
| ISBN 978-7-5411-5403-4:CNY42.00 |
| 本书《诗经·楚辞》是《诗经》和《楚辞》的合集, 收录了《诗经》和《楚辞》的精华篇目数百篇。为了全方位、多层次地展示《诗经》和《楚辞》这两部巨著。本书用通俗易懂的语言深入浅出地对每篇作品进行了全解、详注。 |
| ● |
| 相关链接 |
|
|
|
|
正题名:诗经·楚辞
索取号:I222.2/883=2
 
预约/预借
| 序号 | 登录号 | 条形码 | 馆藏地/架位号 | 状态 | 备注 |
| 1 | 1384237 | 213842378 | 第一样本阅览室/ [索取号:I222.2/883=2] | 在馆 | |
| 2 | 1384238 | 213842387 | 第二借阅区/ [索取号:I222.2/883=2] | 在馆 | |
| 3 | 1384239 | 213842396 | 第二借阅区/ [索取号:I222.2/883=2] | 在馆 | |
| 4 | 1384240 | 213842403 | 第二借阅区/ [索取号:I222.2/883=2] | 在馆 |